[Event "Rochefort op 3rd"]
[Site "Rochefort"]
[Date "2004.02.23"]
[Round "4"]
[White "Reveillere, Christian"]
[Black "Pascal, Pierre"]
[Result "0-1"]
[WhiteElo "1975"]
[BlackElo "2166"]
[PlyCount "112"]
[EventDate "2004.02.21"]
[EventType "swiss"]
[EventRounds "7"]
[EventCountry "FRA"]
[SourceTitle "EXT 2005"]
[Source "ChessBase"]
[SourceDate "2004.11.15"]
[SourceVersion "1"]
[SourceVersionDate "2004.11.15"]
[SourceQuality "1"]

1. c4 e5 2. Nc3 Bb4 3. e4 Nc6 4. d3 Nge7 5. g3 0-0 6. Bg2 Nd4 7. a3 Bxc3+ 8. bxc3 Ne6 9. Nf3 d6 10. 0-0 Nc5 11. Be3 Nc6 12. Rb1 Rb8 13. Nh4 Qe8 14. f4 exf4 15. gxf4 Qe7 16. Bf2 Bd7 17. f5 f6 18. Kh1 Be8 19. Bf3 Ne5 20. Be2 Bc6 21. Bxc5 dxc5 22. Rb2 Rbd8 23. Rd2 Qd6 24. Nf3 Ng4 25. Qe1 Ne3 26. Rg1 Qf4 27. Qg3 Qxg3 28. Rxg3 Rd7 29. Kg1 Rfd8 30. Ne1 Nxc4 31. Ra2 Ne5 32. Bf1 b5 33. Kf2 a5 34. Ke3 Re7 35. Nf3 Nf7 36. h4 Nd6 37. Kf2 c4 38. Nd2 cxd3 39. Bxd3 Bxe4 40. Re3 Rde8 41. Rb2 c6 42. c4 Bxd3 43. Rxd3 Re2+ 44. Kf3 bxc4 45. Rxd6 c3 46. Rc2 Rxd2 47. Rcxd2 cxd2 48. Rxd2 Re5 49. Kf4 Rc5 50. Rd8+ Kf7 51. Rd7+ Kf8 52. Rc7 h5 53. Rc8+ Kf7 54. Rc7+ Kg8 55. Rc8+ Kh7 56. Re8 Rc4+ 0-1

[Event "FRA-chT4 0304"]
[Site "Bretagne"]
[Date "2004.02.01"]
[Round "5"]
[White "Pascal, Pierre"]
[Black "Dijon, Frederic"]
[Result "1-0"]
[WhiteElo "2185"]
[BlackElo "2110"]
[PlyCount "103"]
[EventDate "2003.10.12"]
[EventType "team"]
[EventRounds "9"]
[EventCountry "FRA"]
[SourceTitle "EXT 2005"]
[Source "ChessBase"]
[SourceDate "2004.11.15"]
[SourceVersion "1"]
[SourceVersionDate "2004.11.15"]
[SourceQuality "1"]

1. d4 Nc6 2. c4 e5 3. dxe5 Nxe5 4. Qc2 Nf6 5. Bf4 Ng6 6. Bg5 h6 7. Bd2 Bc5 8. Nf3 0-0 9. e3 Qe7 10. Nc3 a5 11. Be2 d6 12. 0-0 Bg4 13. h3 Bd7 14. Rae1 Rfe8 15. a3 Ne5 16. Nxe5 dxe5 17. e4 Be6 18. Nd5 Qd8 19. Bc3 c6 20. Nxf6+ Qxf6 21. b4 axb4 22. axb4 Bb6 23. c5 Bc7 24. f4 Ra2 25. Qd3 Rd8 26. Qf3 Ra3 27. f5 Bc8 28. Rc1 b6 29. Qg4 Ba6 30. Bxa6 Rxa6 31. Be1 Qg5 32. Qxg5 hxg5 33. cxb6 Bxb6+ 34. Kh2 Be3 35. Rc3 Bf4+ 36. g3 Bd2 37. Rcf3 Ra4 38. f6 Bxb4 39. fxg7 Ra2+ 40. R3f2 Rxf2+ 41. Bxf2 Rd2 42. Kg1 Rc2 43. Be3 Be7 44. Rf5 f6 45. h4 gxh4 46. gxh4 Re2 47. Bh6 Rxe4 48. h5 Ra4 49. Rf3 Ra8 50. Rg3 c5 51. Bd2 f5 52. Rc3 1-0

[Event "Metz op 21st"]
[Site "Metz"]
[Date "2003.04.25"]
[Round "7"]
[White "Pascal, Pierre"]
[Black "Ciuksyte, Dagne"]
[Result "0-1"]
[WhiteElo "2193"]
[BlackElo "2375"]
[PlyCount "56"]
[EventDate "2003.04.19"]
[EventType "swiss"]
[EventRounds "9"]
[EventCountry "FRA"]
[SourceTitle "CBM 093 Extra"]
[Source "ChessBase"]
[SourceDate "2003.05.09"]
[SourceVersion "1"]
[SourceVersionDate "2003.05.09"]
[SourceQuality "1"]

1. d4 Nf6 2. c4 e6 3. g3 Bb4+ 4. Bd2 a5 5. Nc3 d5 6. c5 e5 7. a3 Bxc3 8. bxc3 Nc6 9. Nf3 e4 10. Nh4 h6 11. a4 0-0 12. Ng2 Ne7 13. h3 Nd7 14. Nf4 b6 15. Qb3 Bb7 16. Rg1 Rb8 17. Qa3 bxc5 18. g4 cxd4 19. cxd4 g5 20. Nh5 Nc6 21. h4 Nxd4 22. Qc3 c5 23. hxg5 hxg5 24. f4 f6 25. fxg5 fxg5 26. 0-0-0 Bc6 27. e3 Qb6 28. Bb5 Ne2+ 0-1

[Event "Metz op 21st"]
[Site "Metz"]
[Date "2003.04.20"]
[Round "2"]
[White "Eingorn, Vereslav S"]
[Black "Pascal, Pierre"]
[Result "1-0"]
[WhiteElo "2604"]
[BlackElo "2193"]
[PlyCount "165"]
[EventDate "2003.04.19"]
[EventType "swiss"]
[EventRounds "9"]
[EventCountry "FRA"]
[SourceTitle "CBM 093 Extra"]
[Source "ChessBase"]
[SourceDate "2003.05.09"]
[SourceVersion "1"]
[SourceVersionDate "2003.05.09"]
[SourceQuality "1"]

1. Nf3 d5 2. d4 e6 3. c4 Bb4+ 4. Bd2 Bxd2+ 5. Nbxd2 Nf6 6. g3 0-0 7. Bg2 Nbd7 8. 0-0 b6 9. Qc2 Bb7 10. Rfd1 c5 11. dxc5 Nxc5 12. b4 Na6 13. a3 Rc8 14. Qb2 Qe7 15. Rac1 Rfd8 16. cxd5 Bxd5 17. Ne5 Bxg2 18. Kxg2 Qb7+ 19. Ndf3 Rxd1 20. Rxd1 h6 21. Rd4 Nc7 22. Qd2 Ncd5 23. Nc4 Qc7 24. e4 b5 25. Nce5 Nc3 26. Qd3 Qb7 27. Nd2 a6 28. Nd7 Nxd7 29. Rxd7 Qc6 30. Rd6 Qb7 31. h4 e5 32. h5 f5 33. Rd7 Qc6 34. Rd6 Qb7 35. f3 f4 36. gxf4 exf4 37. Rd8+ Rxd8 38. Qxd8+ Kh7 39. Qf8 Nd1 40. Qxf4 Qb6 41. Qf5+ Kg8 42. Qc5 Qf6 43. Qc8+ Kh7 44. Qf5+ Qxf5 45. exf5 Ne3+ 46. Kf2 Nc2 47. Nb3 Nxa3 48. Nc5 Nc2 49. Nxa6 Kg8 50. f6 gxf6 51. Ke2 Kf7 52. Kd3 Ne1+ 53. Ke4 f5+ 54. Kxf5 Nxf3 55. Ke4 Ne1 56. Ke5 Nc2 57. Kf5 Nd4+ 58. Ke4 Nc2 59. Ke5 Ne1 60. Nc5 Nc2 61. Nd3 Ke7 62. Kf5 Kf7 63. Ne5+ Kg7 64. Nc6 Kf7 65. Ke5 Ne3 66. Nd4 Nc4+ 67. Kf4 Na3 68. Kf5 Kg7 69. Ke6 Kg8 70. Kf6 Kh7 71. Ke7 Kg8 72. Ke6 Kg7 73. Nf5+ Kh7 74. Kd5 Nc2 75. Kc5 Na3 76. Kc6 Kg8 77. Nxh6+ Kg7 78. Ng4 Kh7 79. Kc5 Kg7 80. Kd4 Nc4 81. Ne3 Na3 82. Kc3 Kh7 83. Kb2 1-0

[Event "Cap d'Agde CCAS op"]
[Site "Cap d'Agde "]
[Date "2002.10.23"]
[Round "1"]
[White "Guidarelli, Laurent"]
[Black "Pascal, Pierre"]
[Result "0-1"]
[WhiteElo "2406"]
[BlackElo "2113"]
[PlyCount "56"]
[EventDate "2002.10.23"]
[EventType "tourn"]
[EventRounds "9"]
[EventCountry "FRA"]
[SourceTitle "EXT 2004"]
[Source "ChessBase"]
[SourceDate "2003.11.25"]
[SourceVersion "1"]
[SourceVersionDate "2003.11.25"]
[SourceQuality "1"]

1. e4 c5 2. Nc3 e6 3. f4 Nc6 4. Nf3 a6 5. d3 g6 6. g3 Bg7 7. Bg2 Nge7 8. 0-0 0-0 9. e5 d6 10. exd6 Qxd6 11. Ne4 Qc7 12. c3 b6 13. Be3 Bb7 14. Qe2 Rae8 15. Nfd2 e5 16. g4 f5 17. Ng5 Bc8 18. Qd1 fxg4 19. fxe5 Nf5 20. Bf4 Bxe5 21. Qb3+ Kg7 22. Bxc6 Bxf4 23. Bxe8 Bxg5 24. Ne4 Be3+ 25. Kh1 Rxe8 26. Rae1 c4 27. Qd1 cxd3 28. Qxg4 Rxe4 0-1

[Event "Saint Affrique op 10th"]
[Site "Saint Affrique"]
[Date "2002.??.??"]
[Round "2"]
[White "Lazic, Miroljub"]
[Black "Pascal, Pierre"]
[Result "1-0"]
[WhiteElo "2474"]
[BlackElo "2099"]
[PlyCount "61"]
[EventDate "2002.07.20"]
[EventType "swiss"]
[EventRounds "9"]
[EventCountry "FRA"]
[SourceTitle "EXT 2003"]
[Source "ChessBase"]
[SourceDate "2002.11.25"]
[SourceVersion "1"]
[SourceVersionDate "2002.11.25"]
[SourceQuality "1"]

1. e4 c5 2. Nc3 e6 3. f4 Nc6 4. Nf3 a6 5. d3 Qc7 6. g3 d6 7. Bg2 Nf6 8. 0-0 Be7 9. h3 Bd7 10. Be3 Rc8 11. Ne2 b5 12. g4 h6 13. Ng3 a5 14. c3 e5 15. d4 cxd4 16. cxd4 exd4 17. Nxd4 Nxd4 18. Bxd4 0-0 19. Qd2 b4 20. Rad1 Nh7 21. Nh5 g6 22. Ng3 Bb5 23. Rf2 Rfe8 24. Qe3 Bd8 25. g5 hxg5 26. f5 Nf8 27. Bf1 Bc6 28. Qf3 Qe7 29. Bc4 Bxe4 30. Nxe4 Qxe4 31. Bxf7+ 1-0

[Event "Andorra op 18th"]
[Site "Andorra"]
[Date "2000.06.24"]
[Round "1"]
[White "Pascal, Pierre"]
[Black "Mellado Trivino, Juan"]
[Result "0-1"]
[WhiteElo "2052"]
[BlackElo "2493"]
[PlyCount "50"]
[EventDate "2000.06.24"]
[EventType "swiss"]
[EventRounds "9"]
[EventCountry "AND"]
[SourceTitle "CBM 076 Extra"]
[Source "ChessBase"]
[SourceDate "2000.07.11"]
[SourceVersion "1"]
[SourceVersionDate "2000.07.11"]
[SourceQuality "1"]

1. d4 d5 2. c4 dxc4 3. e3 c5 4. Bxc4 cxd4 5. exd4 Qc7 6. Bb3 Bg4 7. Ne2 Bxe2 8. Kxe2 e6 9. Nd2 Nf6 10. Nf3 Nc6 11. Re1 Bb4 12. Bd2 Bxd2 13. Qxd2 0-0 14. Kf1 Rfd8 15. Kg1 Rd6 16. Qf4 Rad8 17. Rac1 Qb6 18. Rxc6 Rxc6 19. g4 Nd5 20. Qe4 h6 21. h4 Qc7 22. Ne5 Rc1 23. Bd1 Qe7 24. Nf3 Qf6 25. g5 Qf4 0-1

[Event "Cannes op"]
[Site "Cannes"]
[Date "2000.02.26"]
[Round "7"]
[White "Pascal, Pierre"]
[Black "Ricci, Marco"]
[Result "0-1"]
[WhiteElo "2052"]
[BlackElo "2162"]
[PlyCount "86"]
[EventDate "2000.02.20"]
[EventType "swiss"]
[EventRounds "9"]
[EventCountry "FRA"]
[SourceTitle "EXT 2001"]
[Source "ChessBase"]
[SourceDate "2000.11.22"]
[SourceVersion "1"]
[SourceVersionDate "2000.11.22"]
[SourceQuality "1"]

1. e4 e6 2. b3 d5 3. e5 c5 4. f4 f6 5. Bd3 g6 6. h4 fxe5 7. fxe5 Nc6 8. Nf3 Bg7 9. Bb2 Qc7 10. Qe2 Nge7 11. g4 d4 12. Na3 Nxe5 13. Bb5+ N7c6 14. 0-0-0 Nxf3 15. Qxf3 Rf8 16. Bxc6+ Qxc6 17. Qxc6+ bxc6 18. Nc4 Rf4 19. Rhg1 Ba6 20. Na5 Kd7 21. Ba3 Bf8 22. Rde1 Bd6 23. d3 Raf8 24. Kd1 Rf2 25. Bc1 Bc7 26. b4 Bxa5 27. bxa5 c4 28. Bh6 R8f3 29. Re4 c5 30. Rge1 cxd3 31. Rxe6 dxc2+ 32. Kc1 Bc4 33. Re7+ Kc6 34. Rxa7 d3 35. Rxh7 Bf7 36. a6 Kb6 37. a7 Kxa7 38. Bd2 Rf1 39. h5 gxh5 40. g5 Rxe1+ 41. Bxe1 Rf1 42. Kd2 Rxe1 43. Rxf7+ Kb6 0-1

[Event "Cannes op"]
[Site "Cannes"]
[Date "2000.02.20"]
[Round "1"]
[White "Pascal, Pierre"]
[Black "Lamorelle, Julien"]
[Result "0-1"]
[WhiteElo "2052"]
[BlackElo "2192"]
[PlyCount "72"]
[EventDate "2000.02.20"]
[EventType "swiss"]
[EventRounds "9"]
[EventCountry "FRA"]
[SourceTitle "EXT 2001"]
[Source "ChessBase"]
[SourceDate "2000.11.22"]
[SourceVersion "1"]
[SourceVersionDate "2000.11.22"]
[SourceQuality "1"]

1. e4 e5 2. Nf3 Nc6 3. d4 exd4 4. Nxd4 Bc5 5. Nxc6 Qf6 6. Qd2 dxc6 7. Nc3 Ne7 8. Na4 Bd6 9. Qg5 Qe6 10. Bd3 h6 11. Qe3 Ng6 12. g3 Ne5 13. f4 Nxd3+ 14. cxd3 b6 15. 0-0 Ba6 16. b3 0-0-0 17. Bb2 f5 18. Rfd1 h5 19. h4 Rhe8 20. e5 Be7 21. d4 Bb7 22. Qe2 c5 23. dxc5 Qc6 24. Kh2 Qf3 25. Qxf3 Bxf3 26. Rxd8+ Rxd8 27. Bc3 b5 28. Nb2 Bxc5 29. a4 b4 30. Be1 Bd4 31. Ra2 Bc3 32. Bxc3 bxc3 33. Nc4 Rd1 34. g4 hxg4 35. Rc2 Rh1+ 36. Kg3 Rh3+ 0-1